000
00246nam a2200097Ia 4500
001
683639
005
20250826161442.0
008
250824s9999 xx 000 0 und d
245
0
_a
SİYAH ZAMBAK VE MERVE
_c
SEVİM ASIMGİL
260
_b
HAYAT YAYINLARI
999
_c
683639
_d
683639